00959 2200325 4500001002100000005001500021035002000036007000300056040001700059100002900076245010600105250000900211300004100220020002200261041000800283082001500291084002100306090002300327264003000350336002100380337003000401338002300431650002300454850001000477008004100487504002600528700003100554990002400585990002400609INLIS00000000000943520260420022359 a0010-1222000040ta aSBPUPADbind0 aHeru Mufarid:ePengarang1 aSukses Penangkaran Blackthroat Jawara Untuk Hobbies Dan Bisnis /cHeru Mufarid:Editor:Sigit Suyantoro aEd.1 aviii 152 hlm. :bilus. ;c16 x 23 cm a978-979-29-6795-10 aind a636.686.25 a636.686.25 HER s a639 RON b L 19 R 9 aYogyakarta :bAndi,c2018 2rdacontentateks 2rdamediaatanpa perantara 2rdacarrieravolume 4aTeknologi terampil aPUPAD260420 0  abibiliografi, hlm 149 aSigit SuyantoroePengarang a33.728/DAK/DPK/2019 a33.727/DAK/DPK/2019